000 01010nam a2200373 a 4500
003 AR-BaBNM
005 20251128205759.0
008 082120s2002 ||||||||||||||000 | spa||
020 _a84-7774-413
040 _cAR-BaBNM
100 1 _aLuria, A.R.
245 0 0 _aConciencia y lenguaje
250 _a3ª ed.
260 _aMadrid
_bVisor
_c1995
300 _a285 p.
_bgráfs.
490 0 _aAprendizaje
_vv. 13
504 _aBibliografía: p. 269-284
600 1 4 _aVigotsky, Liev Semionovich
650 4 _aPSICOLOGIA DE LA EDUCACION
650 4 _aCONCIENCIA
650 4 _aLENGUAJE
650 4 _aDESARROLLO COGNOSCITIVO
650 4 _aDESARROLLO DEL LENGUAJE
650 4 _aFORMACION DE CONCEPTOS
650 4 _aCOMUNICACION VERBAL
650 4 _aPROCESOS PSICOPEDAGOGICOS
650 4 _aDESARROLLO DEL NIÑO
650 4 _aNEUROLOGIA
650 4 _aPSICOLOGIA DEL NIÑO
700 1 _aShuare, Marta
_etraductor
800 1 _aLinaza, José Luis
_edirector
942 _cBK
998 _carturo
999 _c12788
_d12788